000 00321nam a2200121 a 4500
005 20141022142003.0
008 090305s19uu xx 00 eng d
050 _aVCD
_bM46 2004
245 _aMedication administration :
_bIntravenous Medication.
650 _aVCD NUR
650 _aIntravenous Medication
942 _cAVM
999 _c276412
_d276412